000 00823nam a2200253 a 4500
001 15652
003 BD-RjUL
005 20240924161309.0
008 161003s20082005ii a sb 000 0 eng d
020 _a8122416160
035 _a(BD-RjUL)15707
040 _aCaPaEBR
_cBD-RjUL
_beng
_dBD-RjUL
041 _aeng
082 _223
_a658.404
_bMIM 2005
100 1 _aMishra, R. C.
_q(Rama Chandra)
_948587
245 1 0 _aModern project management /
_cR.C. Mishra, Tarun Soota.
260 _aNew Delhi :
_bNew Age International (P) Ltd., Publishers,
_cc2005 [Reprint 2008]
300 _axii, 220, [1] p. :
_bill. ;
_c24 cm.
504 _aIncludes bibliographical references (p. [221]).
650 0 _aProject management.
_948588
700 1 _aSoota, Tarun, jt. auth.
_913592
942 _2ddc
_cBK
999 _c15652
_d15652